000 00880nam a2200277Ia 4500
003 OSt
005 20220928121948.0
006 a|||||r|||| 00| 0
007 ta
008 220927b |||||||| |||| 00| 0 eng d
020 _cUKP 66.99
024 _a142230
037 _b070, 19/12/2019, Classic Book Service
_cTextual
040 _aSDCL
_cSDCL
_beng
041 _2eng
_aeng
082 _aB2851, Q9
100 _aKeith Timothy Z.
_9455066
245 0 _aMultiple regression and beyond
_b An introduction to multiple regression and structural equation modeling
250 _a3rd
260 _aNew York
_b Routledge
_c2019
300 _axiii,639p.
_ccm.
650 _a Multiple regresion
_9455067
650 _aFinancial Studies
942 _hB2851, Q9
_cTEXL
_2CC
999 _c768744
_d768744